| 000 | 004360000a22001690004500 | ||
|---|---|---|---|
| 003 | MACL | ||
| 005 | 20151217145142.0 | ||
| 008 | 151217b xxu||||| |||| 00| 0 eng d | ||
| 040 |
_aMACL _cMACL |
||
| 041 | _aEnglish | ||
| 082 | _a030/SEL | ||
| 100 |
_aMonroe, Walter S _920810 |
||
| 245 | _aEncyclopedia of Educational Research | ||
| 260 |
_bThe Macmillan Company _c1952 |
||
| 650 |
_aEncyclopaedia _920811 |
||
| 942 |
_cBK _k030/MON _2ddc |
||
| 999 |
_c39699 _d39699 |
||